000 00982 a2200265 4500
999 _c1658
_d1658
020 _a9221031233
050 0 0 _aDT763
050 1 4 _aHD7804INT1983
110 2 _aInternational Labour Office.
245 1 0 _aSpecial report of the Director-General on the application of the Declaration concerning the policy of "apartheid" of the Republic of South Africa.
264 _aGeneva:
_bInternational Labour Organisation
_c1983
300 _a24 volumes ;
500 _aVolumes for 1982-1988 have title: Special report of the Director-General on the application of the declaration concerning the policy of apartheid in South Africa.
500 _aAt head of title: International Labour Conference.
650 0 _aLabor
650 7 _aEconomic history.
650 7 _aLabor.
650 7 _aRace relations.
650 7 _aSocial conditions.
651 0 _aSouth Africa
651 0 _aSouth Africa
651 0 _aSouth Africa
651 7 _aSouth Africa.
942 _2lcc
_cBK
_h7804
_iINT
_kHD